Detalles MARC
| 000 -LEADER |
| fixed length control field |
01661nam a2200421 a 4500 |
| 005 - FECHA ULTIMA MODIFICACION |
| control field |
20250819162503.0 |
| 008 - CAMPO DE CONTROL (LIBRO) |
| fixed length control field |
100804t2016||||ag a f |||| 001 0 spa d |
| 020 ## - INTERNATIONAL STANDARD BOOK NUMBER |
| ISBN |
9789871860302 |
| 041 ## - CODIGO DE IDIOMA |
| Código de idioma del texto/pista de sonido o título separado |
spa |
| 092 ## - SIGNATURA TOPOGRAFICA DEWEY LOCAL |
| número de clasificación |
616.025 |
| libristica |
92 |
| sección |
VIL |
| 100 1# - ENTRADA PRINCIPAL--NOMBRE PERSONAL |
| Nombre personal |
Villavicencio, Carlos |
| 9 (RLIN) |
929 |
| 245 #3 - TITULO PROPIAMENTE DICHO |
| Título |
Procedimientos de urgencia y emergencia en pacientes adultos / |
| Mención de responsabilidad y remanente de la transcripción de la portada |
Carlos Villavicencio |
| 250 ## - MENCION DE EDICION |
| Mención de edición |
1a ed. |
| 260 ## - PIE DE IMPRENTA |
| Lugar de publicación, distribución, etc |
Buenos Aires: |
| Nombre de la editorial, distribuidor, etc |
Corpus; |
| Fecha de publicación |
2016. |
| 300 ## - DESCRIPCION FISICA |
| Extension |
460 p. |
| Otros detalles físicos |
il. |
| Dimensiones |
24x16cm |
| 500 ## - NOTA GENERAL |
| Nota general |
Villavicencio, C. (2016). Procedimientos de urgencia y emergencia en pacientes adultos. (1a ed.). Buenos Aires : Corpus. |
| 653 ## - TÉRMINO INDIZADO - PALABRAS CLAVES |
| Palabra clave |
Procedimientos sobre la vía aérea |
| 653 ## - TÉRMINO INDIZADO - PALABRAS CLAVES |
| Palabra clave |
Procedimientos sobre los ojos |
| 653 ## - TÉRMINO INDIZADO - PALABRAS CLAVES |
| Palabra clave |
Procedimientos sobre la nariz y los oídos |
| 653 ## - TÉRMINO INDIZADO - PALABRAS CLAVES |
| Palabra clave |
Procedimientos sobre el aparato respiratorio |
| 653 ## - TÉRMINO INDIZADO - PALABRAS CLAVES |
| Palabra clave |
Procedimientos sobre el aparato cardiovascular |
| 653 ## - TÉRMINO INDIZADO - PALABRAS CLAVES |
| Palabra clave |
Procedimientos sobre el apato digestivo y el abdomen |
| 653 ## - TÉRMINO INDIZADO - PALABRAS CLAVES |
| Palabra clave |
Procedimientos sobre el aparato urinario |
| 653 ## - TÉRMINO INDIZADO - PALABRAS CLAVES |
| Palabra clave |
Procedimientos ginecológicos y obstétricos |
| 653 ## - TÉRMINO INDIZADO - PALABRAS CLAVES |
| Palabra clave |
Procedimientos sobre el sistema nervioso central |
| 653 ## - TÉRMINO INDIZADO - PALABRAS CLAVES |
| Palabra clave |
Procedimientos sobre la piel y el tejido subcutáneo |
| 653 ## - TÉRMINO INDIZADO - PALABRAS CLAVES |
| Palabra clave |
Procedimientos sobre el sistema músculo-esquelético |
| 653 ## - TÉRMINO INDIZADO - PALABRAS CLAVES |
| Palabra clave |
Administración de medicamentos |
| 653 ## - TÉRMINO INDIZADO - PALABRAS CLAVES |
| Palabra clave |
Obtención de muestras para cultivo |
| 653 ## - TÉRMINO INDIZADO - PALABRAS CLAVES |
| Palabra clave |
Incidentes de materiales peligrosos |
| 653 ## - TÉRMINO INDIZADO - PALABRAS CLAVES |
| Palabra clave |
Triage |
| 653 ## - TÉRMINO INDIZADO - PALABRAS CLAVES |
| Palabra clave |
Procedimientos de inmovilización |
| 653 ## - TÉRMINO INDIZADO - PALABRAS CLAVES |
| Palabra clave |
Traslado de pacientes críticos |
| 653 ## - TÉRMINO INDIZADO - PALABRAS CLAVES |
| Palabra clave |
Bioseguridad |
| 653 ## - TÉRMINO INDIZADO - PALABRAS CLAVES |
| Palabra clave |
Desastres |
| 653 ## - TÉRMINO INDIZADO - PALABRAS CLAVES |
| Palabra clave |
Misceláneas |
| 942 ## - ADDED ENTRY ELEMENTS (KOHA) |
| Source of classification or shelving scheme |
Dewey Decimal Classification |
| Item type |
Libros |